Ridiculous Quiz Stats

 Plays Quiz Updated Nov 14, 2014

Challenge
Share
Tweet
Embed
Score 0/22 Timer 04:00
8 Plays Today
Ridiculous Fact Answer % Correct
Most frequent English letter (Over 11%)E
97.2%
A country with a population over 1,000,000,000China (1st) and India (2nd)
96.5%
Fast food restaurant over 20 billion (US$) revenueMcDonald's
95.9%
Most common murder weapon or method in U.S. (Around 15,000 deaths a year)Firearms
94.3%
Most mentioned character in J.K. Rowling's series (19,000 times)Harry Potter
93.4%
Biggest planet in the Solar System (Able to fit over 1300 Earths)Jupiter
92.3%
Biggest war by number of deaths (40,000,000 to 70,000,000)World War II
91.8%
Largest world religion estimated to have over 2 billion believersChristianity
91.1%
Country with over 15,000,000 sq. km.Russia
90.1%
The U.S. state over a population of 35,000,000 peopleCalifornia
89.9%
Greatest search engine market share (Over 71%)Google
84.1%
Ridiculous Fact Answer % Correct
Most spoken native language in the world (Over 800,000,000 people)Mandarin Chinese
75.3%
Highest-grossing movie of all time worldwide (Over $2,700,000,000)Avatar
63.3%
Big 4 sport team (NFL, MLB, NBA, NHL) with over 20 championshipsNew York Yankees (1st) and Montreal Canadiens (2nd)
54.1%
Only player to get 100 points in a NBA gameWilt Chamberlain
52%
Least populous country in the world (800 people)Vatican City
49%
Most watched TV finale (Over 100.5 million) with over 60% of U.S. households watchingM*A*S*H
47%
A video game franchise with over 200 million salesMario (1st) and Pokémon (2nd)
46.9%
Pitcher with 7 No-hitters (Career)Nolan Ryan
41.7%
Over 100 top 40 hits on the Billboard Hot 100Elvis Presley
37.1%
Most played Sporcle quiz (Over 18,600,000 plays)Find the US States - No Outlines Minefield
35.6%
Most popular Halloween costume 2010 (Over 10%)Generic Princess
16.8%

You're not logged in!

Compare scores with friends on all Sporcle quizzes.
Join for Free
OR
Log In

You Might Also Like...

Show Comments

Extras

Top Quizzes Today


Score Distribution

Your Account Isn't Verified!

In order to create a playlist on Sporcle, you need to verify the email address you used during registration. Go to your Sporcle Settings to finish the process.

Report this User

Report this user for behavior that violates our Community Guidelines.

Details: